<?xml version="1.0" encoding="UTF-8"?>
<record
    xmlns:xsi="http://www.w3.org/2001/XMLSchema-instance"
    xsi:schemaLocation="http://www.loc.gov/MARC21/slim http://www.loc.gov/standards/marcxml/schema/MARC21slim.xsd"
    xmlns="http://www.loc.gov/MARC21/slim">

  <leader>00593nam a2200181Ia 4500</leader>
  <controlfield tag="003">OSt</controlfield>
  <controlfield tag="005">20220831075310.0</controlfield>
  <controlfield tag="008">211119s9999||||xx |||||||||||||| ||und||</controlfield>
  <datafield tag="040" ind1=" " ind2=" ">
    <subfield code="c">SBCL</subfield>
  </datafield>
  <datafield tag="082" ind1=" " ind2=" ">
    <subfield code="a">760.09</subfield>
    <subfield code="b">JAY-M</subfield>
  </datafield>
  <datafield tag="100" ind1=" " ind2=" ">
    <subfield code="a">Jayaraj, M</subfield>
  </datafield>
  <datafield tag="245" ind1=" " ind2="0">
    <subfield code="a">Malayala Achadi Madhyamam:Bhoothavum Varthamanavum (Malayalam)</subfield>
  </datafield>
  <datafield tag="260" ind1=" " ind2=" ">
    <subfield code="b">Mathrubhumi Books</subfield>
    <subfield code="a">Kottayam</subfield>
    <subfield code="c">2014</subfield>
  </datafield>
  <datafield tag="300" ind1=" " ind2=" ">
    <subfield code="a">318p.</subfield>
  </datafield>
  <datafield tag="630" ind1=" " ind2=" ">
    <subfield code="x">General stack</subfield>
  </datafield>
  <datafield tag="650" ind1=" " ind2=" ">
    <subfield code="a">Arts, Fine and decorative arts</subfield>
    <subfield code="v">Graphic arts</subfield>
    <subfield code="x">Print making and prints</subfield>
    <subfield code="x">History of malayalam printing</subfield>
    <subfield code="x">Malayalam printing</subfield>
    <subfield code="2">History of printing</subfield>
  </datafield>
  <datafield tag="942" ind1=" " ind2=" ">
    <subfield code="c">BOOK</subfield>
  </datafield>
  <datafield tag="952" ind1=" " ind2=" ">
    <subfield code="0">0</subfield>
    <subfield code="1">0</subfield>
    <subfield code="2">ddc</subfield>
    <subfield code="4">0</subfield>
    <subfield code="7">0</subfield>
    <subfield code="a">SBCL</subfield>
    <subfield code="b">SBCL</subfield>
    <subfield code="c">2</subfield>
    <subfield code="d">2021-11-19</subfield>
    <subfield code="g">225.00</subfield>
    <subfield code="o">760.09 JAY-M</subfield>
    <subfield code="p">133319</subfield>
    <subfield code="r">2021-11-19 00:00:00</subfield>
    <subfield code="w">2021-11-19</subfield>
    <subfield code="y">BOOK</subfield>
  </datafield>
  <datafield tag="952" ind1=" " ind2=" ">
    <subfield code="0">0</subfield>
    <subfield code="1">0</subfield>
    <subfield code="2">ddc</subfield>
    <subfield code="4">0</subfield>
    <subfield code="7">0</subfield>
    <subfield code="a">SBCL</subfield>
    <subfield code="b">SBCL</subfield>
    <subfield code="c">2</subfield>
    <subfield code="d">2021-11-19</subfield>
    <subfield code="g">225.00</subfield>
    <subfield code="o">760.09 JAY-M</subfield>
    <subfield code="p">136108</subfield>
    <subfield code="r">2022-08-31 00:00:00</subfield>
    <subfield code="w">2021-11-19</subfield>
    <subfield code="y">BOOK</subfield>
  </datafield>
  <datafield tag="952" ind1=" " ind2=" ">
    <subfield code="0">0</subfield>
    <subfield code="1">0</subfield>
    <subfield code="2">ddc</subfield>
    <subfield code="4">0</subfield>
    <subfield code="7">0</subfield>
    <subfield code="a">SBCL</subfield>
    <subfield code="b">SBCL</subfield>
    <subfield code="c">2</subfield>
    <subfield code="d">2022-08-31</subfield>
    <subfield code="e">Pd. A/c. Fund 2021-22</subfield>
    <subfield code="g">290.00</subfield>
    <subfield code="l">1</subfield>
    <subfield code="o">760.09 JAY-M</subfield>
    <subfield code="p">141897</subfield>
    <subfield code="r">2024-01-22 00:00:00</subfield>
    <subfield code="s">2024-01-04</subfield>
    <subfield code="w">2022-08-31</subfield>
    <subfield code="y">BOOK</subfield>
  </datafield>
  <datafield tag="999" ind1=" " ind2=" ">
    <subfield code="c">119831</subfield>
    <subfield code="d">119831</subfield>
  </datafield>
</record>
